Microsoft Windows SharePoint Services : hotová řešení /

Uloženo v:
Podrobná bibliografie
Hlavní autor: Pasch, Ondřej (Autor)
Médium: Kniha
Jazyk:čeština
Vydáno: Brno : CP Books, 2005
Vydání:1. vyd.
Edice:K okamžitému použití
Témata:
ISBN:8025106217
On-line přístup: Získat plný text
Tagy: Přidat tag
Žádné tagy, Buďte první, kdo vytvoří štítek k tomuto záznamu!

MARC

LEADER 00000aam a2200000 4500
003 SK-BrCVT
005 20220621162242.0
008 051201s2005 xr e ||||||cze d
020 |a 8025106217 
035 |a CVTIDW0978791 
040 |b slo  |a CVTI SR  |e AACR2 
041 0 |a cze 
044 |a xr 
080 |a 004.4:004.738.5  |2 UDC-MRF 
100 1 |a Pasch, Ondřej  |4 aut 
245 1 0 |a Microsoft Windows SharePoint Services :  |b hotová řešení /  |c Ondřej Pasch 
250 |a 1. vyd. 
260 |a Brno :  |b CP Books,  |c 2005 
300 |a 208 s. :  |b fotogr., obr., tab. ; 
490 1 |a K okamžitému použití  |3 0584448 
653 1 |a webová informačná služba  |a portálový produkt 
760 1 |t K okamžitému použití 
910 |b A596134  |b A596135  |b A604266 
919 |a 80-251-0621-7 
974 |f Knihy 
992 |a APP 
999 |c 148958  |d 148958